Quero um dinossáurio (Registo nº 2625)

Detalhes MARC
000 -Etiqueta do registo
Cabeçalho 00871nam a22003011 4500
005 - Identificador da versão
Campo de controlo 20240813121939.0
095 ## -
-- PTBN00806975
010 ## - Número internacional normalizado dos livros (ISBN)
Número (ISBN) 9722109944
021 ## - Número do Depósito Legal
Código do país PT
Número 86906/95
100 ## - Dados gerais de processamento
Dados gerais de processamento 20010517d1995 d y0pory5003 ba
102 ## - Pais de publicação ou produção
País de publicação Portugal
101 1# - Língua de publicação
Língua do texto, banda sonora, etc. Português
Língua do documento no original Inglês
106 ## - Campo de dados codificados: material textual
Dados codificados do material textual r
105 ## - Campo de dados codificados: livros
Dados codificados dos livros a z 000fy
215 ## - Descrição física 
Indicação específica da natureza do documento e extensão da espécie [28] p.
Outras indicações físicas todo il.
Dimensões 24 cm
200 1# - Titulo e menção de responsabilidade
Título próprio Quero um dinossáurio
Primeira menção de responsabilidade Hiawyn Oram
Outras menções de responsabilidade il. Satoshi Kitamura
-- trad. José Oliveira
210 ## - Publicação, Distribuição, etc. 
Lugar da edição, distribuição, etc. Lisboa
Nome do editor, distribuidor, etc. Caminho
Data da publicação, distribuição, etc. 1995
304 ## - Notas relativas a título e menção de responsabilidade 
Texto da nota Tít. orig.: A boy wants a dinosaur
606 ## - Nome comum usado como assunto
Número de registo de entrada de autoridade 0001428
Palavra de ordem Literatura portuguesa infanto-juvenil
675 ## - Classificação Decimal Universal (CDU)
Notação 82-93
Edição
Língua da edição por
702 #1 - Nome de autor-pessoa física (responsabilidade secundária)
Número de registo de entrada de autoridade 0000747
Palavra de ordem Kitamura
Outra parte do nome não tomada para palavra de ordem Satoshi
Código de função Ilustrador / Técnico de desenho computorizado
Número de registo de entrada de autoridade 0000551
Palavra de ordem Oliveira
Outra parte do nome não tomada para palavra de ordem José
Código de função Tradutor
700 #1 - Nome de autor-pessoa física (responsabilidade principal)
Número de registo de entrada de autoridade 0000810
Palavra de ordem Oram
Outra parte do nome não tomada para palavra de ordem Hiawyn
942 ## - Elementos de entrada adicionados (Koha)
Tipo de item no Koha Livro
Exemplares
Situação do levantamento Origin of item (home branch) (coded) Biblioteca de empréstimo Código de barras Cota Circulation type (not for loan) Tipo de documento Nota do exemplar Damaged status
  Biblioteca Escolar da Coca Maravilhas Biblioteca Escolar da Coca Maravilhas BECM5057/01 8EST ORA   Livro Sem mensagem